| 000 | 00473nam a2200157 a 4500 | ||
|---|---|---|---|
| 001 | 3509 | ||
| 003 | CDMR | ||
| 005 | 20130321173339.0 | ||
| 008 | 130130s1990||||||||||||||||||||||||||||d | ||
| 040 |
_aCDMR _bcat _cCDMR |
||
| 245 | 0 | 0 |
_aTelecomunicaciones 1990 _b: tarifas : reestructuración de las tarifas y desarrollo de servicios de telecomunicación |
| 260 |
_aMadrid _c1990 _bFundesco |
||
| 490 | 0 | _aInformes anuales de Fundesco | |
| 710 | 2 |
_9385 _aFUNDESCO |
|
| 942 |
_cMON _2udc |
||
| 999 |
_c3509 _d3509 |
||